| 000 | 00380nam a22001451a 4500 | ||
|---|---|---|---|
| 082 |
_aH100 9 _bSIT/T |
||
| 100 | _aSitaram Jha Shyam | ||
| 245 |
_aTulasidas: _bsahitya aur dayitvadarshan/ _cby Sitaram Jha Shyam |
||
| 260 |
_aPatna: _bTarashyam, _c2000. |
||
| 300 | _a239p. | ||
| 650 | _aPoetry Hindi Criticism | ||
| 650 | _aLiterature Hindi | ||
| 650 | _aLiterature | ||
| 942 | _cBK | ||
| 999 |
_c47750 _d47750 |
||